Departments of Paraguay (With a Map) - Statistics

General Stats
  • This quiz has been taken 7,294 times
  • The average score is 10 of 17
Answers on the Map
Answers color-coded by a green-red scale on the quiz's map according to % correct below.
 
Answer Stats
Department % Correct
Alto Paraguay
87%
Presidente Hayes
79%
Alto Paraná
71%
Central
67%
Boquerón
64%
Misiones
64%
Concepción
62%
San Pedro
59%
Cordillera
52%
Paraguarí
52%
Caaguazú
50%
Ñeembucú
50%
Itapúa
48%
Amambay
47%
Caazapá
46%
Guairá
45%
Canindeyú
40%
No matching quizzes found
Score Distribution
Percent of People with Each Score
Percentile by Number Answered
Your Score History
You have not taken this quiz